[Event "Greek Team Championship"]
[Site "chess24.com"]
[Date "2017.07.06"]
[Round "5"]
[White "Zimina, Olga"]
[Black "Iordanidou, Zoi"]
[Result "1-0"]
[Board "5"]
[WhiteElo "2390"]
[WhiteTitle "IM"]
[WhiteCountry "ITA"]
[WhiteFideId "4132190"]
[WhiteEloChange "3"]
[BlackElo "2069"]
[BlackCountry "GRE"]
[BlackFideId "4209192"]
[BlackEloChange "-3"]

1. Nf3 {[%clk 1:30:55]} d5 {[%clk 1:30:28]} 2. d4 {[%clk 1:30:56]} c6 {[%clk
1:29:20]} 3. c4 {[%clk 1:30:41]} e6 {[%clk 1:29:07]} 4. Qc2 {[%clk 1:31:02]} Nf6
{[%clk 1:27:19]} 5. g3 {[%clk 1:30:24]} Be7 {[%clk 1:25:40]} 6. Bg2 {[%clk
1:30:48]} O-O {[%clk 1:25:35]} 7. O-O {[%clk 1:31:12]} Ne4 {[%clk 1:19:12]} 8.
Nbd2 {[%clk 1:28:40]} f5 {[%clk 1:18:45]} 9. Ne5 {[%clk 1:29:04]} Nxd2 {[%clk
1:17:51]} 10. Bxd2 {[%clk 1:29:14]} Nd7 {[%clk 1:18:07]} 11. Nd3 {[%clk 1:29:20]}
Nf6 {[%clk 1:10:30]} 12. b4 {[%clk 1:13:40]} Ne4 {[%clk 0:57:10]} 13. Bf4 {[%clk
1:10:51]} Bf6 {[%clk 0:50:24]} 14. Be5 {[%clk 0:53:46]} dxc4 {[%clk 0:39:22]} 15.
Bxe4 {[%clk 0:36:57]} cxd3 {[%clk 0:39:28]} 16. Bxd3 {[%clk 0:36:57]} Bxe5 {[%clk
0:39:43]} 17. dxe5 {[%clk 0:37:26]} Qd4 {[%clk 0:40:00]} 18. Qc5 {[%clk 0:37:03]}
Qxc5 {[%clk 0:21:10]} 19. bxc5 {[%clk 0:36:49]} Rd8 {[%clk 0:21:25]} 20. f4
{[%clk 0:27:34]} Rb8 {[%clk 0:11:47]} 21. Rac1 {[%clk 0:24:58]} b5 {[%clk
0:09:41]} 22. cxb6 {[%clk 0:23:29]} Rxb6 {[%clk 0:10:05]} 23. Bc4 {[%clk
0:22:03]} Kf7 {[%clk 0:10:13]} 24. Rfd1 {[%clk 0:21:59]} Ke7 {[%clk 0:09:56]} 25.
Rxd8 {[%clk 0:20:23]} Kxd8 {[%clk 0:10:20]} 26. Bb3 {[%clk 0:19:25]} Ke7 {[%clk
0:08:07]} 27. Kf2 {[%clk 0:16:46]} Bb7 {[%clk 0:07:29]} 28. Ke3 {[%clk 0:16:55]}
Rb4 {[%clk 0:06:57]} 29. Rc5 {[%clk 0:16:16]} Re4+ {[%clk 0:02:25]} 30. Kd2
{[%clk 0:15:28]} Rd4+ {[%clk 0:01:40]} 31. Kc3 {[%clk 0:15:50]} Rd7 {[%clk
0:01:41]} 32. Ra5 {[%clk 0:14:56]} Bc8 {[%clk 0:02:02]} 33. Ba4 {[%clk 0:13:47]}
Rc7 {[%clk 0:00:59]} 34. Rc5 {[%clk 0:10:48]} Ba6 {[%clk 0:00:38]} 35. e3 {[%clk
0:10:33]} Kd7 {[%clk 0:00:56]} 36. Kd4 {[%clk 0:10:54]} Be2 {[%clk 0:01:01]} 37.
e4 {[%clk 0:10:57]} g6 {[%clk 0:01:20]} 38. Ke3 {[%clk 0:10:41]} Bf1 {[%clk
0:01:24]} 39. exf5 {[%clk 0:05:04]} gxf5 {[%clk 0:01:41]} 40. Kd4 {[%clk
0:31:29]} Bg2 {[%clk 0:31:14]} 41. Rc2 {[%clk 0:26:56]} Bd5 {[%clk 0:27:51]} 42.
Rb2 {[%clk 0:27:08]} Kc8 {[%clk 0:25:48]} 43. Kc5 {[%clk 0:26:44]} Rd7 {[%clk
0:25:32]} 44. Bd1 {[%clk 0:23:07]} Rb7 {[%clk 0:16:47]} 45. Rxb7 {[%clk 0:15:01]}
Kxb7 {[%clk 0:17:15]} 46. a3 {[%clk 0:14:25]} Kc7 {[%clk 0:17:18]} 47. g4 {[%clk
0:14:32]} fxg4 {[%clk 0:06:28]} 48. Bxg4 {[%clk 0:14:50]} h6 {[%clk 0:06:40]} 49.
f5 {[%clk 0:11:37]} exf5 {[%clk 0:06:58]} 50. Bxf5 {[%clk 0:12:06]} Bf3 {[%clk
0:03:44]} 51. a4 {[%clk 0:10:50]} a5 {[%clk 0:01:16]} 52. e6 {[%clk 0:10:57]} Bh5
{[%clk 0:01:33]} 53. h3 {[%clk 0:09:12]} Be8 {[%clk 0:00:59]} 54. Be4 {[%clk
0:09:33]} Kd8 {[%clk 0:00:35]} 55. Kd6 {[%clk 0:09:56]} 1-0

[Event "Greek Team Championship"]
[Site "chess24.com"]
[Date "2017.07.06"]
[Round "5"]
[White "Kokkota, Eleni"]
[Black "Psofimi, Milia"]
[Result "1-0"]
[Board "6"]
[WhiteElo "1614"]
[WhiteCountry "GRE"]
[WhiteFideId "4258860"]
[WhiteEloChange "7"]
[BlackElo "1507"]
[BlackCountry "GRE"]
[BlackFideId "4232135"]
[BlackEloChange "-7"]

1. d4 {[%clk 1:30:55]} Nf6 {[%clk 1:30:57]} 2. c4 {[%clk 1:31:19]} e6 {[%clk
1:31:20]} 3. e3 {[%clk 1:31:23]} Bb4+ {[%clk 1:31:32]} 4. Bd2 {[%clk 1:31:46]}
Be7 {[%clk 1:31:49]} 5. Nf3 {[%clk 1:31:32]} d5 {[%clk 1:31:53]} 6. Nc3 {[%clk
1:31:26]} c6 {[%clk 1:30:54]} 7. Bd3 {[%clk 1:30:30]} Nbd7 {[%clk 1:28:08]} 8.
O-O {[%clk 1:24:40]} O-O {[%clk 1:25:13]} 9. Rc1 {[%clk 1:21:58]} Bd6 {[%clk
1:22:12]} 10. e4 {[%clk 1:08:28]} dxe4 {[%clk 1:20:24]} 11. Nxe4 {[%clk 1:08:50]}
Nxe4 {[%clk 1:15:34]} 12. Bxe4 {[%clk 1:09:13]} f5 {[%clk 1:01:23]} 13. Bc2
{[%clk 0:59:28]} Nf6 {[%clk 0:54:09]} 14. Qe2 {[%clk 0:54:52]} Qe8 {[%clk
0:47:08]} 15. Rfe1 {[%clk 0:47:20]} Qh5 {[%clk 0:19:13]} 16. h3 {[%clk 0:44:32]}
Re8 {[%clk 0:16:55]} 17. Ne5 {[%clk 0:39:16]} Qxe2 {[%clk 0:16:45]} 18. Rxe2
{[%clk 0:39:38]} c5 {[%clk 0:10:51]} 19. dxc5 {[%clk 0:34:15]} Bxc5 {[%clk
0:09:59]} 20. Bc3 {[%clk 0:25:48]} Nd7 {[%clk 0:09:06]} 21. Nf3 {[%clk 0:21:57]}
Nf6 {[%clk 0:07:02]} 22. Bxf6 {[%clk 0:19:54]} gxf6 {[%clk 0:07:26]} 23. Bxf5
{[%clk 0:20:14]} e5 {[%clk 0:06:53]} 24. Bxc8 {[%clk 0:13:59]} Raxc8 {[%clk
0:07:05]} 25. Rd1 {[%clk 0:13:37]} Bb6 {[%clk 0:04:16]} 26. b3 {[%clk 0:13:47]}
e4 {[%clk 0:02:58]} 27. Nh4 {[%clk 0:13:17]} e3 {[%clk 0:01:53]} 28. f3 {[%clk
0:12:10]} Rcd8 {[%clk 0:01:32]} 29. Rde1 {[%clk 0:06:46]} Ba5 {[%clk 0:01:18]}
30. Rc1 {[%clk 0:05:40]} Rd2 {[%clk 0:01:26]} 31. Kf1 {[%clk 0:05:46]} Rxe2
{[%clk 0:01:02]} 32. Kxe2 {[%clk 0:06:10]} Bd2 {[%clk 0:01:15]} 33. Rc2 {[%clk
0:05:25]} Re5 {[%clk 0:01:14]} 34. g4 {[%clk 0:05:14]} h5 {[%clk 0:00:43]} 35.
Nf5 {[%clk 0:05:39]} hxg4 {[%clk 0:00:56]} 36. hxg4 {[%clk 0:05:51]} Kf8 {[%clk
0:00:57]} 37. Nd6 {[%clk 0:05:01]} b6 {[%clk 0:00:44]} 38. Ne4 {[%clk 0:05:09]}
f5 {[%clk 0:00:42]} 39. gxf5 {[%clk 0:04:44]} Rxf5 {[%clk 0:00:45]} 40. Nxd2
{[%clk 0:34:51]} exd2 {[%clk 0:31:07]} 41. Rxd2 {[%clk 0:34:41]} Ke7 {[%clk
0:31:15]} 42. Rd4 {[%clk 0:34:47]} Rf6 {[%clk 0:29:07]} 43. Ke3 {[%clk 0:35:02]}
Rh6 {[%clk 0:27:29]} 44. f4 {[%clk 0:29:17]} Rh3+ {[%clk 0:26:35]} 45. Ke4 {[%clk
0:27:15]} Rh2 {[%clk 0:26:12]} 46. a4 {[%clk 0:27:22]} Rh3 {[%clk 0:26:08]} 47.
Rd3 {[%clk 0:27:46]} Rh6 {[%clk 0:25:51]} 48. f5 {[%clk 0:27:49]} Rh1 {[%clk
0:24:31]} 49. Rf3 {[%clk 0:24:28]} Kf6 {[%clk 0:23:59]} 50. Kd5 {[%clk 0:23:21]}
Rh7 {[%clk 0:23:56]} 51. Kc6 {[%clk 0:22:19]} Re7 {[%clk 0:21:39]} 52. Kb5 {[%clk
0:21:29]} Re5+ {[%clk 0:19:19]} 53. Kc6 {[%clk 0:19:27]} Re7 {[%clk 0:19:33]} 54.
b4 {[%clk 0:13:47]} Re4 {[%clk 0:17:04]} 55. Kb5 {[%clk 0:14:09]} Re5+ {[%clk
0:14:53]} 56. c5 {[%clk 0:12:12]} bxc5 {[%clk 0:13:36]} 57. bxc5 {[%clk 0:12:35]}
Re8 {[%clk 0:12:53]} 58. c6 {[%clk 0:11:11]} Rb8+ {[%clk 0:11:04]} 59. Kc5 {[%clk
0:11:24]} Rc8 {[%clk 0:10:20]} 60. Kd6 {[%clk 0:11:34]} Rd8+ {[%clk 0:09:59]} 61.
Kc7 {[%clk 0:11:49]} Rg8 {[%clk 0:10:03]} 62. Kb7 {[%clk 0:12:08]} Rg7+ {[%clk
0:10:25]} 63. c7 {[%clk 0:12:31]} a5 {[%clk 0:10:48]} 64. Kb8 {[%clk 0:12:52]}
Rg8+ {[%clk 0:11:12]} 65. c8Q {[%clk 0:13:10]} 1-0

[Event "Greek Team Championship"]
[Site "chess24.com"]
[Date "2017.07.06"]
[Round "5"]
[White "Papadopoulou, Marilena"]
[Black "Anthopoulou, Ioanna"]
[Result "1-0"]
[Board "7"]
[WhiteElo "1213"]
[WhiteCountry "GRE"]
[WhiteFideId "25835971"]
[WhiteEloChange "13"]
[BlackElo "1333"]
[BlackCountry "GRE"]
[BlackFideId "4248040"]
[BlackEloChange "-13"]

1. e4 {[%clk 1:30:53]} e5 {[%clk 1:30:51]} 2. Nf3 {[%clk 1:31:08]} Nc6 {[%clk
1:31:16]} 3. Bc4 {[%clk 1:31:15]} Bc5 {[%clk 1:31:30]} 4. O-O {[%clk 1:31:05]}
Nf6 {[%clk 1:31:15]} 5. d4 {[%clk 1:30:56]} Bxd4 {[%clk 1:23:11]} 6. Nxd4 {[%clk
1:30:56]} Nxd4 {[%clk 1:23:11]} 7. f4 {[%clk 1:31:14]} Nc6 {[%clk 1:20:56]} 8.
Bxf7+ {[%clk 1:30:33]} Kxf7 {[%clk 1:17:53]} 9. fxe5 {[%clk 1:29:43]} Nxe5 {[%clk
1:06:31]} 10. Qd5+ {[%clk 1:28:37]} Ke8 {[%clk 1:06:14]} 11. Qxe5+ {[%clk
1:28:25]} Qe7 {[%clk 1:06:11]} 12. Qxe7+ {[%clk 1:26:20]} Kxe7 {[%clk 1:06:21]}
13. Nc3 {[%clk 1:25:09]} d6 {[%clk 0:58:39]} 14. Bg5 {[%clk 1:23:37]} c6 {[%clk
0:55:01]} 15. Rae1 {[%clk 1:21:49]} h6 {[%clk 0:32:13]} 16. e5 {[%clk 1:19:28]}
dxe5 {[%clk 0:31:07]} 17. Rxe5+ {[%clk 1:15:45]} Kf7 {[%clk 0:29:17]} 18. Bxf6
{[%clk 1:15:14]} gxf6 {[%clk 0:29:14]} 19. Ne4 {[%clk 1:13:31]} Kg7 {[%clk
0:17:31]} 20. Rxf6 {[%clk 1:12:34]} Rf8 {[%clk 0:14:26]} 21. Re7+ {[%clk
1:11:14]} Kg8 {[%clk 0:14:41]} 22. Rg6+ {[%clk 1:11:00]} Kh8 {[%clk 0:13:56]} 23.
Rxh6+ {[%clk 1:11:05]} Kg8 {[%clk 0:14:16]} 24. Nf6+ {[%clk 1:11:05]} 1-0

[Event "Greek Team Championship"]
[Site "chess24.com"]
[Date "2017.07.06"]
[Round "5"]
[White "Alexakis, Dimitris"]
[Black "Michaelides, Konstantinos"]
[Result "1-0"]
[Board "9"]
[WhiteElo "2044"]
[WhiteCountry "GRE"]
[WhiteFideId "4277023"]
[WhiteEloChange "10"]
[BlackElo "2046"]
[BlackTitle "CM"]
[BlackCountry "CYP"]
[BlackFideId "5901871"]
[BlackEloChange "-10"]

1. e4 {[%clk 1:24:02]} e6 {[%clk 1:30:55]} 2. d4 {[%clk 1:24:28]} d5 {[%clk
1:31:21]} 3. Nc3 {[%clk 1:24:54]} Nf6 {[%clk 1:31:43]} 4. Bg5 {[%clk 1:25:19]}
dxe4 {[%clk 1:32:06]} 5. Nxe4 {[%clk 1:25:44]} Nbd7 {[%clk 1:32:31]} 6. Nxf6+
{[%clk 1:25:54]} Nxf6 {[%clk 1:32:52]} 7. Nf3 {[%clk 1:26:16]} h6 {[%clk
1:33:11]} 8. Bh4 {[%clk 1:26:32]} c5 {[%clk 1:33:31]} 9. Bd3 {[%clk 1:25:24]}
cxd4 {[%clk 1:33:46]} 10. Nxd4 {[%clk 1:25:09]} Bc5 {[%clk 1:29:13]} 11. Nb3
{[%clk 1:04:02]} Qb6 {[%clk 1:19:51]} 12. Nxc5 {[%clk 0:47:25]} Qxc5 {[%clk
1:20:13]} 13. O-O {[%clk 0:46:58]} Bd7 {[%clk 1:13:47]} 14. Qe2 {[%clk 0:21:42]}
Bc6 {[%clk 1:06:17]} 15. Bg3 {[%clk 0:18:57]} Rd8 {[%clk 0:47:45]} 16. Rfe1
{[%clk 0:17:27]} O-O {[%clk 0:44:07]} 17. Kh1 {[%clk 0:09:30]} Qd5 {[%clk
0:27:28]} 18. f3 {[%clk 0:08:42]} Nh5 {[%clk 0:27:10]} 19. Be5 {[%clk 0:08:06]}
Qc5 {[%clk 0:18:15]} 20. f4 {[%clk 0:01:22]} g6 {[%clk 0:15:35]} 21. Qg4 {[%clk
0:01:33]} Ng7 {[%clk 0:15:15]} 22. Qh4 {[%clk 0:00:37]} Kh7 {[%clk 0:13:00]} 23.
Bf6 {[%clk 0:00:39]} Rd7 {[%clk 0:07:36]} 24. Re5 {[%clk 0:00:55]} Qb4 {[%clk
0:06:51]} 25. Bg5 {[%clk 0:00:37]} h5 {[%clk 0:05:52]} 26. Bf6 {[%clk 0:00:43]}
Nf5 {[%clk 0:05:23]} 27. Qg5 {[%clk 0:00:44]} Qd2 {[%clk 0:04:22]} 28. Rg1 {[%clk
0:00:35]} Rxd3 {[%clk 0:02:08]} 29. cxd3 {[%clk 0:00:37]} Qxd3 {[%clk 0:02:37]}
30. Rc5 {[%clk 0:00:36]} Rc8 {[%clk 0:02:01]} 31. Rc3 {[%clk 0:00:48]} Qe2 {[%clk
0:01:47]} 32. Rh3 {[%clk 0:00:35]} Be4 {[%clk 0:01:57]} 33. Bc3 {[%clk 0:00:42]}
Ne3 {[%clk 0:01:10]} 34. Rxe3 {[%clk 0:00:33]} Qxe3 {[%clk 0:01:37]} 35. Qf6
{[%clk 0:00:42]} e5 {[%clk 0:01:23]} 36. Qxe5 {[%clk 0:00:37]} f6 {[%clk
0:00:49]} 37. Qxf6 {[%clk 0:00:35]} Rxc3 {[%clk 0:00:35]} 38. Qxc3 {[%clk
0:00:49]} Qxf4 {[%clk 0:00:33]} 39. Qg3 {[%clk 0:00:34]} Qf6 {[%clk 0:00:33]} 40.
Re1 {[%clk 0:30:42]} Bc6 {[%clk 0:30:31]} 41. Qe5 {[%clk 0:15:57]} Kg7 {[%clk
0:16:50]} 42. Kg1 {[%clk 0:15:16]} Qxe5 {[%clk 0:16:53]} 43. Rxe5 {[%clk
0:15:40]} Kf6 {[%clk 0:17:21]} 44. Re3 {[%clk 0:11:37]} Bd5 {[%clk 0:17:03]} 45.
a3 {[%clk 0:10:34]} Kf5 {[%clk 0:16:28]} 46. Kf2 {[%clk 0:10:46]} a6 {[%clk
0:16:21]} 47. g3 {[%clk 0:04:31]} Bc6 {[%clk 0:07:35]} 48. Ke2 {[%clk 0:01:55]}
Be4 {[%clk 0:06:46]} 49. Kd2 {[%clk 0:02:01]} Ke5 {[%clk 0:02:09]} 50. Kc3 {[%clk
0:02:13]} Kd5 {[%clk 0:02:12]} 51. Re1 {[%clk 0:01:55]} Bf5 {[%clk 0:02:02]} 52.
Re7 {[%clk 0:02:16]} Kc6 {[%clk 0:01:26]} 53. Kd4 {[%clk 0:02:28]} b6 {[%clk
0:01:02]} 54. Rf7 {[%clk 0:02:24]} Bb1 {[%clk 0:01:06]} 55. Kc4 {[%clk 0:01:46]}
Bf5 {[%clk 0:00:39]} 56. Rf6+ {[%clk 0:02:10]} Kb7 {[%clk 0:00:49]} 57. h4 {[%clk
0:01:38]} Bb1 {[%clk 0:01:03]} 58. Kd4 {[%clk 0:01:45]} a5 {[%clk 0:01:04]} 59.
Ke5 {[%clk 0:02:01]} a4 {[%clk 0:00:59]} 60. Kf4 {[%clk 0:00:41]} Ka6 {[%clk
0:00:38]} 61. g4 {[%clk 0:00:56]} Bc2 {[%clk 0:00:36]} 62. gxh5 {[%clk 0:00:35]}
gxh5 {[%clk 0:01:05]} 63. Kg5 {[%clk 0:00:36]} Bd1 {[%clk 0:01:11]} 64. Rh6
{[%clk 0:00:38]} Kb5 {[%clk 0:01:03]} 65. Rxh5 {[%clk 0:00:58]} Bxh5 {[%clk
0:01:32]} 66. Kxh5 {[%clk 0:01:23]} Kc4 {[%clk 0:01:58]} 67. Kg4 {[%clk 0:01:38]}
Kb3 {[%clk 0:02:16]} 68. h5 {[%clk 0:02:03]} Kxb2 {[%clk 0:02:43]} 69. h6 {[%clk
0:02:30]} Kxa3 {[%clk 0:03:08]} 70. h7 {[%clk 0:02:57]} b5 {[%clk 0:03:27]} 71.
h8Q {[%clk 0:03:20]} b4 {[%clk 0:03:51]} 72. Qa1+ {[%clk 0:03:10]} Kb3 {[%clk
0:04:16]} 73. Kf3 {[%clk 0:03:27]} a3 {[%clk 0:04:37]} 74. Ke3 {[%clk 0:03:37]}
Kc2 {[%clk 0:04:56]} 75. Qa2+ {[%clk 0:04:01]} Kc3 {[%clk 0:05:13]} 76. Qd2+
{[%clk 0:04:24]} Kb3 {[%clk 0:05:24]} 77. Kd3 {[%clk 0:04:46]} a2 {[%clk
0:05:47]} 78. Qc2+ {[%clk 0:04:25]} Ka3 {[%clk 0:06:08]} 79. Qc1+ {[%clk
0:04:36]} 1-0

[Event "Greek Team Championship"]
[Site "chess24.com"]
[Date "2017.07.06"]
[Round "5"]
[White "Vlachos, Georgios 46448"]
[Black "Trapalis, Theodoros"]
[Result "1-0"]
[Board "10"]
[WhiteElo "1363"]
[WhiteCountry "GRE"]
[WhiteFideId "25851128"]
[WhiteEloChange "7"]
[BlackElo "1251"]
[BlackCountry "GRE"]
[BlackFideId "25854690"]
[BlackEloChange "-7"]

1. e4 {[%clk 1:30:55]} e6 {[%clk 1:23:11]} 2. d4 {[%clk 1:31:12]} d5 {[%clk
1:23:31]} 3. e5 {[%clk 1:31:30]} c5 {[%clk 1:23:52]} 4. c3 {[%clk 1:31:46]} Nc6
{[%clk 1:24:05]} 5. Nf3 {[%clk 1:31:59]} Qb6 {[%clk 1:24:19]} 6. a3 {[%clk
1:32:16]} cxd4 {[%clk 1:16:52]} 7. cxd4 {[%clk 1:32:27]} Nh6 {[%clk 1:16:57]} 8.
b4 {[%clk 1:31:05]} Nf5 {[%clk 1:05:37]} 9. Be3 {[%clk 1:28:47]} Bd7 {[%clk
1:00:19]} 10. Nc3 {[%clk 1:19:32]} a6 {[%clk 0:45:19]} 11. Rc1 {[%clk 1:15:06]}
Be7 {[%clk 0:37:56]} 12. Na4 {[%clk 1:12:17]} Qa7 {[%clk 0:37:50]} 13. Nc5 {[%clk
1:10:08]} f6 {[%clk 0:27:58]} 14. Nxd7 {[%clk 0:48:53]} Kxd7 {[%clk 0:28:07]} 15.
Qd2 {[%clk 0:49:02]} Rhc8 {[%clk 0:12:49]} 16. Be2 {[%clk 0:29:54]} Ke8 {[%clk
0:08:06]} 17. O-O {[%clk 0:28:40]} a5 {[%clk 0:01:00]} 18. Bb5 {[%clk 0:25:22]}
axb4 {[%clk 0:00:35]} 19. axb4 {[%clk 0:24:29]} Qb6 {[%clk 0:00:36]} 20. Qd3
{[%clk 0:23:36]} Bxb4 {[%clk 0:00:35]} 21. g4 {[%clk 0:21:24]} Nxe3 {[%clk
0:00:37]} 22. fxe3 {[%clk 0:21:44]} Ra3 {[%clk 0:00:35]} 23. Bxc6+ {[%clk
0:21:09]} Rxc6 {[%clk 0:00:33]} 24. Qxh7 {[%clk 0:20:21]} Qc7 {[%clk 0:00:32]}
25. Rxc6 {[%clk 0:18:07]} Qxc6 {[%clk 0:00:34]} 26. Qxg7 {[%clk 0:17:28]} Rxe3
{[%clk 0:00:33]} 27. exf6 {[%clk 0:16:21]} Bf8 {[%clk 0:00:32]} 28. f7+ {[%clk
0:15:27]} Ke7 {[%clk 0:00:34]} 29. Qg5+ {[%clk 0:15:39]} Kxf7 {[%clk 0:00:34]}
30. Ne5+ {[%clk 0:15:33]} 1-0

[Event "Greek Team Championship"]
[Site "chess24.com"]
[Date "2017.07.06"]
[Round "5"]
[White "Kelires, Andreas"]
[Black "Argiroudis, Stamatis"]
[Result "1-0"]
[Board "1"]
[WhiteElo "2509"]
[WhiteTitle "GM"]
[WhiteCountry "GRE"]
[WhiteFideId "5900727"]
[WhiteEloChange "2"]
[BlackElo "2276"]
[BlackCountry "GRE"]
[BlackFideId "4202210"]
[BlackEloChange "-4"]

1. d4 {[%clk 1:30:58]} d5 {[%clk 1:30:26]} 2. c4 {[%clk 1:31:23]} c6 {[%clk
1:30:44]} 3. Nf3 {[%clk 1:30:47]} Nf6 {[%clk 1:30:49]} 4. g3 {[%clk 1:30:59]} e6
{[%clk 1:30:00]} 5. Bg2 {[%clk 1:31:13]} Nbd7 {[%clk 1:29:18]} 6. O-O {[%clk
1:28:35]} Bd6 {[%clk 1:28:25]} 7. Nc3 {[%clk 1:28:40]} dxc4 {[%clk 1:20:31]} 8.
Nd2 {[%clk 1:25:00]} Nb6 {[%clk 1:20:12]} 9. Na4 {[%clk 1:19:20]} Bc7 {[%clk
1:17:17]} 10. Nxb6 {[%clk 1:11:54]} axb6 {[%clk 1:15:36]} 11. Nxc4 {[%clk
1:11:33]} b5 {[%clk 1:10:49]} 12. Ne5 {[%clk 1:10:48]} c5 {[%clk 1:02:06]} 13.
Nf3 {[%clk 1:09:36]} c4 {[%clk 1:00:36]} 14. Qc2 {[%clk 1:09:22]} O-O {[%clk
0:41:05]} 15. Bd2 {[%clk 1:08:10]} Qd5 {[%clk 0:35:11]} 16. Ng5 {[%clk 0:51:53]}
Qd7 {[%clk 0:33:30]} 17. Rfd1 {[%clk 0:47:56]} h6 {[%clk 0:30:50]} 18. Nf3 {[%clk
0:48:02]} Qd5 {[%clk 0:27:01]} 19. Bb4 {[%clk 0:45:56]} Re8 {[%clk 0:27:27]} 20.
Ne5 {[%clk 0:45:30]} Qd8 {[%clk 0:27:51]} 21. e4 {[%clk 0:36:54]} Ra4 {[%clk
0:26:25]} 22. Bc3 {[%clk 0:34:22]} Ba5 {[%clk 0:17:32]} 23. b3 {[%clk 0:33:05]}
Bxc3 {[%clk 0:16:34]} 24. Qxc3 {[%clk 0:32:56]} cxb3 {[%clk 0:16:55]} 25. axb3
{[%clk 0:33:21]} Rxa1 {[%clk 0:17:22]} 26. Rxa1 {[%clk 0:33:44]} Qb6 {[%clk
0:16:16]} 27. Ra8 {[%clk 0:31:58]} Qd8 {[%clk 0:14:15]} 28. h4 {[%clk 0:29:03]}
Nd7 {[%clk 0:09:34]} 29. Nxd7 {[%clk 0:28:04]} Qxd7 {[%clk 0:09:57]} 30. Qc5
{[%clk 0:26:36]} Qc6 {[%clk 0:06:54]} 31. e5 {[%clk 0:27:00]} Qxc5 {[%clk
0:07:15]} 32. dxc5 {[%clk 0:27:26]} Kf8 {[%clk 0:07:38]} 33. Rb8 {[%clk 0:24:32]}
Ke7 {[%clk 0:05:09]} 34. Bxb7 {[%clk 0:24:40]} Bd7 {[%clk 0:05:22]} 35. Rxe8+
{[%clk 0:25:07]} Bxe8 {[%clk 0:05:46]} 36. b4 {[%clk 0:24:47]} Kd8 {[%clk
0:05:17]} 37. Kg2 {[%clk 0:24:54]} Kc7 {[%clk 0:05:41]} 38. Be4 {[%clk 0:25:00]}
Bd7 {[%clk 0:04:02]} 39. g4 {[%clk 0:23:49]} g6 {[%clk 0:03:26]} 40. Kg3 {[%clk
0:53:20]} Be8 {[%clk 0:33:30]} 41. f4 {[%clk 0:52:51]} Bd7 {[%clk 0:27:36]} 42.
Bf3 {[%clk 0:51:46]} Kd8 {[%clk 0:14:52]} 43. h5 {[%clk 0:52:03]} gxh5 {[%clk
0:13:39]} 44. g5 {[%clk 0:51:54]} hxg5 {[%clk 0:14:01]} 45. fxg5 {[%clk 0:52:19]}
1-0

[Event "Greek Team Championship"]
[Site "chess24.com"]
[Date "2017.07.06"]
[Round "5"]
[White "Hadzimanolis, Antonios"]
[Black "Vlahos, Kiriakos"]
[Result "1-0"]
[Board "2"]
[WhiteElo "2237"]
[WhiteTitle "FM"]
[WhiteCountry "GRE"]
[WhiteFideId "4202813"]
[WhiteEloChange "12"]
[BlackElo "2294"]
[BlackTitle "FM"]
[BlackCountry "GRE"]
[BlackFideId "4200594"]
[BlackEloChange "-12"]

1. e4 {[%clk 1:30:56]} e5 {[%clk 1:25:56]} 2. Nf3 {[%clk 1:31:18]} Nc6 {[%clk
1:26:22]} 3. Bb5 {[%clk 1:31:40]} Bc5 {[%clk 1:26:38]} 4. c3 {[%clk 1:31:57]} f5
{[%clk 1:26:45]} 5. d4 {[%clk 1:31:53]} fxe4 {[%clk 1:27:11]} 6. Bxc6 {[%clk
1:32:14]} dxc6 {[%clk 1:27:13]} 7. Nxe5 {[%clk 1:32:31]} Bd6 {[%clk 1:27:27]} 8.
Qh5+ {[%clk 1:32:47]} g6 {[%clk 1:27:23]} 9. Qe2 {[%clk 1:32:16]} Bf5 {[%clk
1:28:16]} 10. Bf4 {[%clk 1:32:35]} Qe7 {[%clk 1:26:33]} 11. O-O {[%clk 1:32:42]}
Nf6 {[%clk 1:24:56]} 12. Nd2 {[%clk 1:31:45]} O-O-O {[%clk 1:11:36]} 13. Rae1
{[%clk 1:31:11]} c5 {[%clk 1:10:37]} 14. f3 {[%clk 1:25:37]} cxd4 {[%clk
1:08:19]} 15. cxd4 {[%clk 1:24:46]} exf3 {[%clk 1:00:43]} 16. Qxf3 {[%clk
1:21:25]} Bxe5 {[%clk 0:51:20]} 17. Bxe5 {[%clk 1:18:42]} Qf8 {[%clk 0:28:13]}
18. Rc1 {[%clk 1:11:40]} Rd7 {[%clk 0:06:18]} 19. Nb3 {[%clk 1:10:32]} Rf7 {[%clk
0:05:26]} 20. Nc5 {[%clk 1:07:03]} c6 {[%clk 0:05:39]} 21. Nxb7 {[%clk 1:02:43]}
Be4 {[%clk 0:05:48]} 22. Qb3 {[%clk 0:55:58]} Bd5 {[%clk 0:04:06]} 23. Rxc6+
{[%clk 0:47:45]} Bxc6 {[%clk 0:04:08]} 24. Nd6+ {[%clk 0:47:17]} Kd7 {[%clk
0:03:52]} 25. Nxf7 {[%clk 0:46:55]} Qa8 {[%clk 0:00:44]} 26. Rxf6 {[%clk
0:45:00]} Re8 {[%clk 0:00:47]} 27. Qh3+ {[%clk 0:45:15]} Ke7 {[%clk 0:00:32]} 28.
Qe6+ {[%clk 0:45:20]} Kf8 {[%clk 0:00:49]} 29. Ng5+ {[%clk 0:44:51]} 1-0